The Forty-eighters : political refugees of the German Revolution of 1848 /

Bibliographic Details
Main Author: Zucker, A. E. (Adolf Eduard), 1890-1971
Format: Book
Language:English
Published: New York : Columbia University Press, 1950.
Subjects:

MARC

Tag First Indicator Second Indicator Subfields
LEADER 00000cam a2200000 4500
001 in00000057361
005 20151007082051.0
008 750903s1950 eng
010 |a  50007743  
035 |a (OCoLC)01595576 
035 |9 AAF7321AM 
040 |a DLC  |c TOL  |d TOL  |d TXA  |d UtOrBLW 
049 |a TXAM  |c [209519] 
050 0 |a E184.G3  |b Z8 1950 
092 |a 325.243  |b Z94f 
100 1 |a Zucker, A. E.  |q (Adolf Eduard),  |d 1890-1971. 
245 1 4 |a The Forty-eighters :  |b political refugees of the German Revolution of 1848 /  |c edited by A.E. Zucker. 
264 1 |a New York :  |b Columbia University Press,  |c 1950. 
300 |a xviii, 379 pages :  |b illustrations, portraits ;  |c 24 cm. 
336 |a text  |b txt  |2 rdacontent 
337 |a unmediated  |b n  |2 rdamedia 
338 |a volume  |b nc  |2 rdacarrier 
505 0 |a Preface, by A. E. Zucker.--Introduction, by A. D. Graeff.--The European background, by C. J. Friedrich.--The American scene, by O. Handlin.--Adjustment to the United States, by H. B. Johnson.--The Turner, by A. J. Prahl.--The Forty-eighters in politics, by L. S. Thompson and F. X. Braun.--The radicals, by E. W. Dobert.--The Forty-eighters in the Civil War, by E. Lonn.--Carl Schurz, by B. Q. Morgan.--Bibliographical notes (p. [257]-268)--Biographical dictionary of the Forty-eighters, by A. E. Zucker. 
650 0 |a Germans  |z United States. 
651 0 |a Germany  |x History  |y Revolution, 1848-1849  |x Refugees. 
999 |a MARS 
999 f f |s dbc053ae-adb1-350f-823d-1b63acb318d0  |i c8f83765-6cf0-3a97-a167-f5ce923a8895  |t 0 
952 f f |p normal  |a Texas A&M University  |b College Station  |c Sterling C. Evans Library  |d Evans: Library Stacks  |t 0  |e E184.G3 Z8 1950  |h Library of Congress classification  |i unmediated -- volume  |m A14819603286 
998 f f |a E184.G3 Z8 1950  |t 0  |l Evans: Library Stacks